| 000 | 00641nam a22001937a 4500 | ||
|---|---|---|---|
| 005 | 20260605105454.0 | ||
| 010 | _aENG-148756 | ||
| 020 |
_a9788184002416 _c250.00 |
||
| 035 | _aEN-132288 | ||
| 037 | _bDBAD | ||
| 082 |
_a891.4414 _21 |
||
| 100 | _aTagore , Rabindranath | ||
| 245 |
_aTagore The World Voyager/ _cRabindranath Tagore [and] Translated by Sugata Bose |
||
| 250 | _a1 | ||
| 260 |
_aUttar Pradesh _bRandom House Publishers India Pvt Ltd _c2012 |
||
| 270 |
_aWindsor IT Park, 7th Floor, Tower-BA-1, Sector-125, Noida _bUttar Pradesh _e201301 |
||
| 300 |
_a105p. _c22cm(hb) |
||
| 942 |
_2ddc _cEN _h891.4414 _mTAG |
||
| 999 |
_c216518 _d216518 |
||